000 00779nam a2200253 a 4500
001 4865207
005 20180116040145.0
008 911002s1990 ii a b 100 0 eng
010 _a 91900612
020 _a8170330955 :
_cRs350.00
025 _aI E 64401
040 _aDLC
_cDLC
_dDLC
041 _aeng
043 _aw------
080 _a614.4223 AKH
082 0 0 _a614.4223 AKH
_220
100 _a3
101 _aSHM
245 0 0 _aDisease, ecology, and health :
_cedited by Rais Akhtar and Yola Verhasselt.
504 _aIncludes bibliographical references.
906 _a7
_bcbc
_corignew
_d3
_encip
_f19
_gy-gencatlg
942 _2ddc
_cBK
999 _c40345
_d40345